Molecular identification of arowana species based on cytochrome B and cytochrome C oxidase I (COI) /
Saved in:
| Main Author: | |
|---|---|
| Format: | Thesis Book |
| Language: | English |
| Published: |
2010.
|
| Subjects: | |
| Tags: |
Add Tag
No Tags, Be the first to tag this record!
|
| LEADER | 01162cam a2200289 a 4500 | ||
|---|---|---|---|
| 001 | u851484 | ||
| 003 | SIRSI | ||
| 005 | 201202161213 | ||
| 008 | 120216s2010 my a t 000 0 eng m | ||
| 040 | |a UMM |d AUM |e rda | ||
| 090 | |a TP248.15 |b UM 2010 Far | ||
| 100 | 1 | |a Fard, Maryam Zahedi. | |
| 245 | 1 | 0 | |a Molecular identification of arowana species based on cytochrome B and cytochrome C oxidase I (COI) / |c Maryam Zahedi Fard. |
| 260 | |c 2010. | ||
| 300 | |a [1] xi, 74 laeves : |b ill. ; |c 30 cm. | ||
| 502 | |a Dissertation (M.Biotech.) -- Institut Sains Biologi, Fakulti Sains, Universiti Malaya, 2010. | ||
| 504 | |a Bibliography: leaves 56-62. | ||
| 530 | |a Also issued in CD. | ||
| 650 | 0 | |a Osteoglossum ferreirai. | |
| 650 | 0 | |a Ornamental fishes. | |
| 650 | 0 | |a Genetic recombination. | |
| 650 | 0 | |a Mitochondria. | |
| 710 | 2 | |a Universiti Malaya. |b Institut Sains Biologi. | |
| 900 | |a NHS | ||
| 596 | |a 1 25 | ||
| 999 | |a TP248.15 UM 2010 FAR |w LC |c 1 |i A515034959 |d 14/5/2012 |f 14/5/2012 |g 1 |l STACKS |m P01UTAMA |r Y |s Y |t TESIS |u 10/5/2012 |1 STEM | ||
| 999 | |a TP248.15 UM 2010 FAR |w LC |c 1 |i A515035013 |f 20/7/2023 |g 1 |l STACKS |m P25UMARCHI |r N |s Y |t CD |u 20/7/2023 |1 STEM |o .STAFF. MST-CD5046 | ||
